[Event "BCF-ch 92nd"]
[Site "Douglas IOM"]
[Date "2005.08.01"]
[Round "1.1"]
[White "Rowson, Jonathan"]
[Black "Storey, Charles"]
[Result "1-0"]
[WhiteElo "2599"]
[BlackElo "2211"]
[PlyCount "71"]
[EventDate "2005.08.01"]

1. d4 Nf6 2. c4 g6 3. Nc3 Bg7 4. e4 d6 5. f3 Na6 6. Be3 c5 7. Nge2 Nd7 8. Qd2
Nb4 9. d5 Ne5 10. Ng3 h5 11. h4 Bd7 12. Be2 Na6 13. Bg5 Nc7 14. O-O a6 15. Rae1
f6 16. Be3 Nf7 17. f4 Bg4 18. Bd3 g5 19. fxg5 fxg5 20. hxg5 Ne5 21. Nf5 Bf8 22.
Bf4 Qd7 23. Bxe5 dxe5 24. g6 Rg8 25. Qg5 O-O-O 26. Be2 e6 27. Bxg4 hxg4 28.
dxe6 Nxe6 29. Qxg4 Kb8 30. Nd5 Nd4 31. Nf6 Qe6 32. Nxg8 Qxg8 33. g7 Bxg7 34.
Qxg7 Qe6 35. Nxd4 exd4 36. Rf8 1-0

[Event "BCF-ch 92nd"]
[Site "Douglas IOM"]
[Date "2005.08.01"]
[Round "1.2"]
[White "Tippleston, Charles"]
[Black "Emms, John"]
[Result "1/2-1/2"]
[WhiteElo "2203"]
[BlackElo "2509"]
[PlyCount "112"]
[EventDate "2005.08.01"]

1. e4 c5 2. c3 d5 3. exd5 Qxd5 4. d4 Nc6 5. Nf3 Bg4 6. Be2 cxd4 7. cxd4 e6 8.
O-O Nf6 9. Nc3 Qa5 10. h3 Bh5 11. Qb3 Qb4 12. Qxb4 Bxb4 13. Be3 O-O 14. Rac1
Rfd8 15. Rfd1 Rac8 16. g4 Bg6 17. a3 Bd6 18. Nh4 Ne7 19. Nxg6 hxg6 20. Bg5 Nh7
21. Be3 Nf6 22. Bg5 Rd7 23. Bf3 Rcd8 24. Ne4 Nxe4 25. Bxe4 f6 26. Be3 Kf7 27.
Bg2 Nd5 28. Rd3 g5 29. Rb3 b6 30. Rb5 Rc7 31. Rxc7+ Bxc7 32. Rb3 Ke7 33. Kf1
Rc8 34. Ke2 Bd6 35. Kd1 Kd7 36. Rd3 Rh8 37. Ke2 Bf4 38. Bxd5 exd5 39. Bxf4 gxf4
40. Kf1 g5 41. Kg2 Rc8 42. Rd2 Rc1 43. Rd3 Rb1 44. b3 a5 45. a4 Kc6 46. h4 gxh4
47. Rf3 Kd6 48. Rxf4 Ke6 49. Kh3 Rxb3+ 50. Kxh4 b5 51. axb5 Rxb5 52. g5 fxg5+
53. Kxg5 a4 54. Rf6+ Kd7 55. Ra6 Rb4 56. Kf5 Rxd4 1/2-1/2

[Event "BCF-ch 92nd"]
[Site "Douglas IOM"]
[Date "2005.08.01"]
[Round "1.3"]
[White "Conquest, Stuart"]
[Black "White, Michael JR"]
[Result "1-0"]
[WhiteElo "2503"]
[BlackElo "2200"]
[PlyCount "63"]
[EventDate "2005.08.01"]

1. Nf3 Nf6 2. c4 g6 3. Nc3 Bg7 4. e4 d6 5. d4 O-O 6. h3 e5 7. d5 Na6 8. Bg5 Qe8
9. g4 Nd7 10. Rg1 Ndc5 11. a3 f5 12. gxf5 gxf5 13. Bh6 Rf7 14. exf5 Bxf5 15.
Nh4 Qd7 16. b4 Ne4 17. Nxe4 Bxe4 18. Qe2 Bf5 19. Qe3 Kh8 20. Bxg7+ Rxg7 21.
Rxg7 Kxg7 22. O-O-O Rf8 23. Be2 Bg6 24. Rg1 Qa4 25. Bd1 Qe8 26. Bc2 Rf6 27.
Qxa7 Qc8 28. Qe3 c5 29. dxc6 bxc6 30. f4 exf4 31. Qe7+ Rf7 32. Nxg6 1-0

[Event "BCF-ch 92nd"]
[Site "Douglas IOM"]
[Date "2005.08.01"]
[Round "1.4"]
[White "Nixon, Thomas"]
[Black "Ward, Chris"]
[Result "1/2-1/2"]
[WhiteElo "2195"]
[BlackElo "2485"]
[PlyCount "33"]
[EventDate "2005.08.01"]

1. d4 Nf6 2. c4 e6 3. Nf3 c5 4. d5 b5 5. dxe6 fxe6 6. cxb5 d5 7. Nbd2 Be7 8. e4
dxe4 9. Ne5 Qd5 10. Ng4 Bb7 11. Bc4 Qf5 12. Ne3 Qe5 13. Be2 Nbd7 14. O-O O-O
15. Ndc4 Qc7 16. Bd2 Nd5 17. Bg4 1/2-1/2

[Event "BCF-ch 92nd"]
[Site "Douglas IOM"]
[Date "2005.08.01"]
[Round "1.5"]
[White "Williams, Simon"]
[Black "Dignam, Matthew P"]
[Result "1-0"]
[WhiteElo "2461"]
[BlackElo "2194"]
[PlyCount "95"]
[EventDate "2005.08.01"]

1. d4 Nf6 2. c4 g6 3. Nc3 Bg7 4. e4 d6 5. Be2 O-O 6. Be3 c6 7. h3 a6 8. e5 Ne8
9. f4 b5 10. Nf3 Nd7 11. O-O bxc4 12. Bxc4 Nb6 13. Bb3 Nc7 14. Rc1 Be6 15. Bxe6
Nxe6 16. Qe2 Qd7 17. Kh1 Nc7 18. Ng5 f6 19. Nf3 Nbd5 20. Nxd5 Nxd5 21. Bd2 Kh8
22. b3 Bh6 23. e6 Qb7 24. f5 Bxd2 25. Nxd2 gxf5 26. Rxf5 Rg8 27. Qe4 Rg7 28.
Nf3 Rag8 29. Rh5 Qb5 30. Nh4 Nc3 31. Rxb5 Nxe4 32. Rb7 c5 33. dxc5 Nxc5 34. Ra7
Nxe6 35. Re1 Nd4 36. Rexe7 Rxe7 37. Rxe7 Rc8 38. Kh2 Rc2 39. Re8+ Kg7 40. Re4
Nb5 41. a4 Nc3 42. Re7+ Kg8 43. Rc7 a5 44. Nf5 Rc1 45. Nxd6 Rd1 46. Rc8+ Kg7
47. Nf5+ Kg6 48. Nh4+ 1-0

[Event "BCF-ch 92nd"]
[Site "Douglas IOM"]
[Date "2005.08.01"]
[Round "1.7"]
[White "Greet, Andrew"]
[Black "Eggleston, Thomas"]
[Result "1-0"]
[WhiteElo "2425"]
[BlackElo "2166"]
[PlyCount "109"]
[EventDate "2005.08.01"]

1. d4 e6 2. Nf3 d5 3. c4 Nf6 4. Nc3 Be7 5. Bg5 O-O 6. e3 h6 7. Bh4 Ne4 8. Bxe7
Qxe7 9. Rc1 Nxc3 10. Rxc3 dxc4 11. Bxc4 Nd7 12. O-O c5 13. Bb5 cxd4 14. Qxd4
Nf6 15. Rfc1 Rd8 16. Qc5 Qxc5 17. Rxc5 Bd7 18. Bxd7 Rxd7 19. Kf1 Ne4 20. Rc8+
Rxc8 21. Rxc8+ Kh7 22. Ke1 Nd6 23. Ne5 Nxc8 24. Nxd7 Kg6 25. Ke2 Nd6 26. Kd3 f6
27. e4 e5 28. a4 Kf7 29. b3 Ke7 30. Nc5 b6 31. Na6 Nb7 32. Kc4 Na5+ 33. Kc3 Kd6
34. Nb4 Nc6 35. Nc2 a6 36. b4 b5 37. a5 Nd8 38. Ne3 Ne6 39. Nf5+ Kd7 40. h4 h5
41. g3 g6 42. Ne3 Nc7 43. f4 Ke7 44. Kd3 Kf7 45. f5 g5 46. hxg5 fxg5 47. Ke2
Ke7 48. Nd5+ Nxd5 49. exd5 Kf6 50. d6 g4 51. Ke3 Kf7 52. Ke4 Kf6 53. Kd5 h4 54.
d7 Ke7 55. Kc6 1-0

[Event "BCF-ch 92nd"]
[Site "Douglas IOM"]
[Date "2005.08.01"]
[Round "1.8"]
[White "Surtees, Mike"]
[Black "Pert, Richard"]
[Result "0-1"]
[WhiteElo "2142"]
[BlackElo "2424"]
[PlyCount "88"]
[EventDate "2005.08.01"]

1. e4 c5 2. c3 d5 3. f3 e6 4. d3 Nc6 5. g3 e5 6. Nd2 Be6 7. h4 f5 8. Nh3 Be7 9.
Nf2 Nf6 10. Bh3 Qd7 11. Bxf5 Bxf5 12. exf5 Qxf5 13. g4 Qe6 14. Qe2 O-O-O 15.
Nf1 Rhe8 16. Bd2 Bd6 17. O-O-O Qf7 18. Bg5 h6 19. Bxf6 gxf6 20. Kb1 f5 21. Nd2
h5 22. Nh3 Qg6 23. g5 f4 24. Ka1 Ne7 25. Nf1 Nf5 26. Qf2 Kb8 27. Ng1 b6 28. Ne2
c4 29. d4 Kb7 30. a3 Re7 31. dxe5 Bxe5 32. Rh2 Ne3 33. Rd2 Qd6 34. Rh1 Qc5 35.
Nd4 Bg7 36. Rg1 Rde8 37. Qh2 Bxd4 38. Rxd4 Nf5 39. Rd1 Re1 40. Nd2 R8e2 41. Qh1
Rxg1 42. Rxg1 Ng3 43. Rxg3 fxg3 44. Qh3 Rxd2 0-1

[Event "BCF-ch 92nd"]
[Site "Douglas IOM"]
[Date "2005.08.01"]
[Round "1.9"]
[White "Haslinger, Stewart"]
[Black "Eggleston, David"]
[Result "0-1"]
[WhiteElo "2412"]
[BlackElo "2138"]
[PlyCount "88"]
[EventDate "2005.08.01"]

1. e4 c5 2. Nf3 d6 3. d4 cxd4 4. Nxd4 Nf6 5. Nc3 a6 6. Be3 e5 7. Nb3 Be6 8. f3
Nbd7 9. Qd2 Be7 10. O-O-O b5 11. g4 b4 12. Ne2 a5 13. Kb1 h6 14. Ng3 a4 15. Nc1
d5 16. Nf5 Bxf5 17. gxf5 d4 18. Bf2 Qb6 19. Rg1 Nh5 20. f4 Nxf4 21. Rxg7 Nh5
22. Rg1 Bg5 23. Qe2 Bxc1 24. Qxh5 Nf6 25. Qf3 Bf4 26. Bxd4 Qc6 27. Be3 Bxe3 28.
Qxe3 Rc8 29. Bd3 a3 30. Qg3 Qc5 31. Qh4 Ke7 32. Rg2 axb2 33. Qf2 Qc3 34. Qa7+
Rc7 35. Qa4 Rd8 36. Re2 Rcd7 37. Qb3 Rxd3 38. cxd3 Rxd3 39. Rde1 Qd4 40. Rxb2
Rxb3 41. Rxb3 Nxe4 42. Rbe3 Nc3+ 43. Kc2 f6 44. Kb3 Qd2 0-1

[Event "BCF-ch 92nd"]
[Site "Douglas IOM"]
[Date "2005.08.01"]
[Round "1.10"]
[White "Taylor, Geoffrey"]
[Black "Gordon, Stephen"]
[Result "0-1"]
[WhiteElo "2135"]
[BlackElo "2390"]
[PlyCount "68"]
[EventDate "2005.08.01"]

1. e4 c5 2. Nf3 e6 3. d4 cxd4 4. Nxd4 Nf6 5. Nc3 d6 6. g4 h6 7. h4 Nc6 8. g5
hxg5 9. Bxg5 Qb6 10. Nb3 Bd7 11. Qd2 Ne5 12. O-O-O Nf3 13. Qf4 Nxg5 14. Qxg5
O-O-O 15. Qg3 Bc6 16. Bg2 g6 17. Kb1 Be7 18. Nd4 Be8 19. f4 Kb8 20. Qe1 Rh5 21.
Nb3 Nd7 22. Bf3 Rh8 23. h5 g5 24. e5 gxf4 25. exd6 Bxd6 26. Ne4 Bb4 27. c3 Be7
28. Qd2 Qc7 29. Qd4 Ne5 30. Qf2 Rxd1+ 31. Rxd1 Nxf3 32. Qxf3 f5 33. Rh1 fxe4
34. Qxe4 Bc6 0-1

[Event "BCF-ch 92nd"]
[Site "Douglas IOM"]
[Date "2005.08.01"]
[Round "1.11"]
[White "Knott, Simon"]
[Black "Waters, Michael"]
[Result "1-0"]
[WhiteElo "2382"]
[BlackElo "2125"]
[PlyCount "131"]
[EventDate "2005.08.01"]

1. Nf3 Nf6 2. c4 e6 3. Nc3 b6 4. g3 Bb7 5. Bg2 c5 6. O-O d6 7. Re1 Be7 8. e4
O-O 9. d4 Nbd7 10. d5 e5 11. Nh4 Re8 12. Nf5 Nf8 13. h4 Bc8 14. g4 Bxf5 15.
exf5 h6 16. f4 exf4 17. Bxf4 N6h7 18. Bg3 Bf6 19. Rxe8 Qxe8 20. Nb5 Qe3+ 21.
Kh2 Bxb2 22. Qe1 Re8 23. Nxd6 Qxe1 24. Rxe1 Rxe1 25. Bxe1 Nd7 26. Nc8 Be5+ 27.
Bg3 Nhf6 28. Bf3 a6 29. a4 Kf8 30. Kg2 Bxg3 31. Kxg3 Ke8 32. Kf4 Kd8 33. Nd6
Ke7 34. Nc8+ Kd8 35. Na7 Kc7 36. Nc6 Kd6 37. Nd8 Ke7 38. Nc6+ Kd6 39. a5 b5 40.
g5 hxg5+ 41. hxg5 Ne8 42. Bh5 g6 43. fxg6 fxg6 44. Bxg6 Nc7 45. Bf5 bxc4 46.
Bxd7 Nxd5+ 47. Ke4 c3 48. Kd3 Kxd7 49. Nb8+ Ke6 50. Nxa6 c4+ 51. Kxc4 c2 52.
Nc5+ Kd6 53. Nb3 Ne7 54. Kc3 Nc6 55. a6 Ke6 56. Kb2 Na7 57. Nd4+ Ke5 58. Nf3+
Kf5 59. Kxc2 Nc6 60. Kc3 Kg6 61. Kc4 Na7 62. Kc5 Nc8 63. Ne5+ Kxg5 64. Nf7+ Kf6
65. Nd6 Na7 66. Kb6 1-0

[Event "BCF-ch 92nd"]
[Site "Douglas IOM"]
[Date "2005.08.01"]
[Round "1.15"]
[White "Woodward, Timothy"]
[Black "Pym, Thomas"]
[Result "1-0"]
[WhiteElo "2313"]
[BlackElo "2099"]
[PlyCount "63"]
[EventDate "2005.08.01"]

1. d4 Nf6 2. c4 c5 3. d5 b5 4. cxb5 a6 5. bxa6 g6 6. Nc3 Bxa6 7. g3 Bg7 8. Bg2
d6 9. Nf3 O-O 10. Rb1 Nbd7 11. b3 Qa5 12. Bd2 Bb7 13. a4 Qb6 14. Nh4 e6 15.
dxe6 fxe6 16. O-O Bxg2 17. Nxg2 d5 18. Qc2 e5 19. Bg5 Qc6 20. Rbd1 Rab8 21.
Bxf6 Nxf6 22. Nxd5 Nxd5 23. Qc4 Rfd8 24. Ne3 Rb4 25. Nxd5 Rxc4 26. Ne7+ Kf7 27.
Nxc6 Rxd1 28. Rxd1 Rc2 29. Rd7+ Kf8 30. a5 Ra2 31. e4 h5 32. h4 1-0

[Event "BCF-ch 92nd"]
[Site "Douglas IOM"]
[Date "2005.08.01"]
[Round "1.16"]
[White "Varnam, Liam"]
[Black "Ashton, Adam"]
[Result "0-1"]
[WhiteElo "2088"]
[BlackElo "2294"]
[PlyCount "170"]
[EventDate "2005.08.01"]

1. e4 e5 2. Nf3 Nc6 3. Bb5 a6 4. Ba4 Nf6 5. O-O Be7 6. Re1 b5 7. Bb3 O-O 8. d4
d6 9. c3 Bg4 10. d5 Na5 11. Bc2 Qc8 12. Nbd2 c6 13. dxc6 h6 14. Nf1 Qxc6 15.
Ne3 Be6 16. Qd3 Rad8 17. b3 Rfe8 18. Bb2 g6 19. Rad1 Qc8 20. Qe2 Qa8 21. Nf1
Bf8 22. Ng3 Bg7 23. Qf1 Nc6 24. h3 d5 25. Kh2 Qb7 26. Ba3 Qc7 27. Kg1 Kh7 28.
Kh1 Bc8 29. exd5 Nxd5 30. c4 Nc3 31. Rxd8 Rxd8 32. Ne4 b4 33. Nxc3 bxc3 34. Bc1
Nb4 35. Qe2 Bb7 36. a3 Nxc2 37. Qxc2 Bxf3 38. gxf3 Rd4 39. Qxc3 Qd7 40. Kg2 e4
41. Qe3 f5 42. fxe4 Rxe4 43. Qd2 Rd4 44. Qe2 Rd3 45. b4 f4 46. f3 Rd4 47. c5
Qf5 48. Bb2 Qg5+ 49. Kf1 Rd7 50. Bxg7 Rxg7 51. Qe6 Qh5 52. Qg4 Qd5 53. Qxf4 Rf7
54. Qe4 Qb3 55. Re3 Qd1+ 56. Kf2 Qh1 57. Qg4 h5 58. Qg2 Qc1 59. Qf1 Qb2+ 60.
Qe2 Qf6 61. Re4 Rd7 62. a4 Qg5 63. h4 Qd8 64. Ke1 Qc7 65. Re5 Qd8 66. Re4 Qc7
67. f4 Qd8 68. f5 Qf6 69. fxg6+ Kg7 70. b5 Qc3+ 71. Kf1 Qc1+ 72. Kg2 Rd2 73.
Re7+ Kh6 74. bxa6 Rxe2+ 75. Rxe2 Qxc5 76. Re4 Kxg6 77. Kf3 Qb6 78. Rf4 Qxa6 79.
Kf2 Qd3 80. Rf3 Qd4+ 81. Kg3 Qg4+ 82. Kf2 Qxh4+ 83. Rg3+ Kf5 84. a5 Qd4+ 85.
Kg2 h4 0-1

[Event "BCF-ch 92nd"]
[Site "Douglas IOM"]
[Date "2005.08.01"]
[Round "1.18"]
[White "Poobalasingam, Peter"]
[Black "Jessel, Stephen"]
[Result "0-1"]
[WhiteElo "2067"]
[BlackElo "2285"]
[PlyCount "98"]
[EventDate "2005.08.01"]

1. d4 e6 2. c4 d5 3. Nc3 Nf6 4. Bg5 Nbd7 5. Nf3 c6 6. cxd5 exd5 7. e3 Be7 8.
Bd3 O-O 9. Qc2 Re8 10. O-O Nf8 11. h3 Bd6 12. Ne2 Ng6 13. Nh4 Bc7 14. Nxg6 hxg6
15. b4 Qd7 16. Bf4 Bxf4 17. exf4 Qd6 18. Qc5 Ne4 19. Bxe4 Qxc5 20. bxc5 Rxe4
21. Rfe1 b6 22. f3 Re6 23. Kf2 Ba6 24. Nc3 Rxe1 25. Rxe1 bxc5 26. dxc5 Kf8 27.
Rb1 Rd8 28. Rd1 Rb8 29. Rb1 Rd8 30. Rb4 Rd7 31. g3 Ke7 32. Ke3 Kf6 33. Kd4 Re7
34. Rb1 Be2 35. Nxe2 Rxe2 36. Rb7 Rxa2 37. Rc7 Ra4+ 38. Ke3 Ra3+ 39. Kd4 Ra4+
40. Ke3 Ra3+ 41. Kd4 Ra6 42. Ke3 Ke6 43. Kd4 Ra4+ 44. Ke3 d4+ 45. Ke4 f5+ 46.
Kd3 Kd5 47. Rxg7 Ra3+ 48. Kd2 Kc4 49. Rxg6 Ra2+ 0-1

[Event "BCF-ch 92nd"]
[Site "Douglas IOM"]
[Date "2005.08.01"]
[Round "1.19"]
[White "Rudd, Jack"]
[Black "Chaplin, Peter"]
[Result "1-0"]
[WhiteElo "2268"]
[BlackElo "2062"]
[PlyCount "71"]
[EventDate "2005.08.01"]

1. e4 c5 2. Nf3 e6 3. d4 cxd4 4. Nxd4 Nf6 5. Nc3 d6 6. g4 h6 7. f3 Nc6 8. Be3
a6 9. Qd2 Qc7 10. O-O-O Be7 11. h4 b5 12. Nxc6 Qxc6 13. Bg2 Nd7 14. g5 Bb7 15.
gxh6 gxh6 16. Bxh6 b4 17. Ne2 Qa4 18. Kb1 Rc8 19. Bg5 Bf8 20. Nd4 Ne5 21. b3
Qa3 22. f4 Nd7 23. Nf5 exf5 24. exf5 Bg7 25. f6 Nxf6 26. Qxd6 Qb2+ 27. Kxb2
Ne4+ 28. Qe5+ Bxe5+ 29. fxe5 Bc6 30. Bxe4 Bxe4 31. Rh2 a5 32. Bf6 O-O 33. Rg1+
Kh7 34. Rg7+ Kh6 35. Rg4 Bf5 36. Rg5 1-0

[Event "BCF-ch 92nd"]
[Site "Douglas IOM"]
[Date "2005.08.01"]
[Round "1.20"]
[White "McDonnell, James"]
[Black "Mason, Don"]
[Result "0-1"]
[WhiteElo "2054"]
[BlackElo "2265"]
[PlyCount "70"]
[EventDate "2005.08.01"]

1. e4 e6 2. d4 d5 3. Nd2 Nf6 4. e5 Nfd7 5. Bd3 c5 6. c3 Nc6 7. Ne2 cxd4 8. cxd4
f6 9. exf6 Nxf6 10. O-O Bd6 11. Nf3 Qc7 12. Bg5 O-O 13. Bh4 Nh5 14. Qc2 h6 15.
Bg6 Nf4 16. Nxf4 Bxf4 17. Bg3 Bd7 18. Qe2 Rf6 19. Bd3 Be8 20. Bb5 Bh5 21. Bxc6
bxc6 22. Qd3 Bxf3 23. Qxf3 Raf8 24. Qd3 c5 25. dxc5 Qxc5 26. Bxf4 Rxf4 27. Rac1
Qb6 28. Rc2 a5 29. Re2 a4 30. b3 axb3 31. axb3 Rb4 32. Qg6 Rf6 33. Qe8+ Kh7 34.
Rc2 Rxb3 35. Rc6 Qxf2+ 0-1

[Event "BCF-ch 92nd"]
[Site "Douglas IOM"]
[Date "2005.08.01"]
[Round "1.22"]
[White "Fraser, Joseph"]
[Black "Hodgson, John"]
[Result "0-1"]
[WhiteElo "1959"]
[BlackElo "2225"]
[PlyCount "46"]
[EventDate "2005.08.01"]

1. e4 c5 2. Nf3 d6 3. d4 cxd4 4. Nxd4 Nf6 5. Nc3 g6 6. f4 Nc6 7. Nxc6 bxc6 8.
e5 Nd7 9. exd6 exd6 10. Be3 Be7 11. Qd2 O-O 12. Be2 Nf6 13. O-O d5 14. Bf3 Bf5
15. h3 h5 16. Bd4 Ne4 17. Bxe4 Bxe4 18. f5 Bg5 19. Nxe4 Bxd2 20. Nf6+ Kg7 21.
Ne8+ Kh6 22. Bg7+ Kh7 23. fxg6+ Kxg6 0-1

[Event "BCF-ch 92nd"]
[Site "Douglas IOM"]
[Date "2005.08.01"]
[Round "1.23"]
[White "Rayner, Francis"]
[Black "Ilett, Raymond"]
[Result "1-0"]
[WhiteElo "2216"]
[BlackElo "1824"]
[PlyCount "133"]
[EventDate "2005.08.01"]

1. e4 e6 2. d4 d5 3. Nc3 Bb4 4. Nge2 dxe4 5. a3 Be7 6. Nxe4 Nf6 7. Qd3 Nbd7 8.
Bf4 Nxe4 9. Qxe4 Nf6 10. Qd3 O-O 11. O-O-O b6 12. Nc3 Bb7 13. Qh3 Ne4 14. Bd3
Bg5 15. Be3 Bxe3+ 16. fxe3 Ng5 17. Qg3 f5 18. h4 Nf7 19. e4 Qd6 20. e5 Qe7 21.
Bc4 c6 22. Ne2 Rad8 23. Nf4 Bc8 24. Qb3 Rde8 25. Qg3 Rd8 26. Kb1 Kh8 27. Qf3
Bd7 28. g4 fxg4 29. Qxg4 Nh6 30. Qg3 Rf7 31. c3 Rdf8 32. Nh3 Nf5 33. Qg5 Nxh4
34. Qxe7 Rxe7 35. Ng5 Rf5 36. Nxh7 Kxh7 37. Rxh4+ Kg8 38. Rdh1 Kf7 39. Rh7 Re8
40. Rg1 Rg8 41. Bd3 Rf2 42. Rh3 Be8 43. Rhg3 Kf8 44. Bh7 Rh8 45. Rxg7 Rf1+ 46.
Rxf1+ Kxg7 47. Bd3 Rf8 48. Rh1 Rh8 49. Rg1+ Kf8 50. Bc4 Ke7 51. Ka2 Bf7 52. Rf1
Rh6 53. Bd3 Rh8 54. Rf6 Rg8 55. Be4 Be8 56. Kb3 Rf8 57. Rh6 Bd7 58. Kc4 Rf2 59.
Rh7+ Rf7 60. Rxf7+ Kxf7 61. b4 Ke7 62. a4 a6 63. a5 bxa5 64. bxa5 Kd8 65. Kc5
Kc7 66. Bd3 Bc8 67. Bc4 1-0

[Event "BCF-ch 92nd"]
[Site "Douglas IOM"]
[Date "2005.08.02"]
[Round "2.1"]
[White "Woodward, Timothy"]
[Black "Rowson, Jonathan"]
[Result "1-0"]
[WhiteElo "2313"]
[BlackElo "2599"]
[PlyCount "105"]
[EventDate "2005.08.01"]

1. d4 Nf6 2. c4 e6 3. Nc3 Bb4 4. Qc2 O-O 5. e4 d5 6. e5 Ne4 7. a3 Bxc3+ 8. bxc3
c5 9. Bd3 cxd4 10. cxd4 Qa5+ 11. Kf1 Nc6 12. Ne2 f6 13. Bxe4 dxe4 14. exf6 Qf5
15. Be3 Qxf6 16. Rd1 e5 17. d5 Ne7 18. Ng3 Nf5 19. Nxf5 Bxf5 20. h4 b6 21. Qb3
h6 22. h5 Rac8 23. Rc1 Rf7 24. Qd1 Rfc7 25. g4 Bd7 26. c5 bxc5 27. Rh3 Qa6+ 28.
Kg1 Qd3 29. Qe1 Bxg4 30. Rg3 Bxh5 31. Bxh6 Bf3 32. Qa5 Kh7 33. Be3 Qxd5 34. Qa6
Qc6 35. Qc4 Rd7 36. Rh3+ Kg6 37. Kh2 Qd5 38. Rg1+ Kf7 39. Qf1 Qd3 40. Rxg7+
Kxg7 41. Qg1+ Kf8 42. Rh8+ Ke7 43. Rxc8 Qd6 44. Qg7+ Ke6 45. Qg8+ Kf6 46. Rf8+
Qxf8 47. Qxf8+ Rf7 48. Qh6+ Kf5 49. Qg5+ Ke6 50. Qg6+ Rf6 51. Qe8+ Kf5 52. Qd7+
Kg6 53. Bxc5 1-0

[Event "BCF-ch 92nd"]
[Site "Douglas IOM"]
[Date "2005.08.02"]
[Round "2.3"]
[White "Jessel, Stephen"]
[Black "Williams, Simon"]
[Result "1-0"]
[WhiteElo "2285"]
[BlackElo "2461"]
[PlyCount "89"]
[EventDate "2005.08.01"]

1. e4 c5 2. Nf3 d6 3. d4 cxd4 4. Nxd4 Nf6 5. Nc3 g6 6. Be3 a6 7. f3 Nbd7 8. Qd2
Bg7 9. g4 b5 10. h4 h5 11. g5 Nh7 12. a4 bxa4 13. f4 e5 14. Nf3 exf4 15. Bxf4
O-O 16. Bxd6 Re8 17. O-O-O Qb6 18. Nxa4 Qc6 19. b3 Rxe4 20. Bg2 Rxa4 21. bxa4
Bb7 22. Ne1 Qc8 23. Rh3 Bxg2 24. Qxg2 Nb6 25. Rb3 Nxa4 26. Qb7 Qe8 27. Qe7 Qc6
28. Qb7 Qe8 29. Ng2 Nf8 30. Re1 Qd8 31. Qc7 Qxc7 32. Bxc7 Nd7 33. Re7 Nac5 34.
Rf3 Bf8 35. Rexf7 Rc8 36. Bg3 Nb3+ 37. Kd1 Nd4 38. Rf2 Nc5 39. Rxf8+ Rxf8 40.
Rxf8+ Kxf8 41. Bd6+ Kf7 42. Bxc5 Nf5 43. Bf2 Nd6 44. Nf4 a5 45. c3 1-0

[Event "BCF-ch 92nd"]
[Site "Douglas IOM"]
[Date "2005.08.02"]
[Round "2.8"]
[White "Hodgson, John"]
[Black "Knott, Simon"]
[Result "1/2-1/2"]
[WhiteElo "2225"]
[BlackElo "2382"]
[PlyCount "149"]
[EventDate "2005.08.01"]

1. e4 e6 2. d4 d5 3. Nd2 c5 4. exd5 Qxd5 5. Ngf3 cxd4 6. Bc4 Qd6 7. O-O Nf6 8.
Nb3 Nc6 9. Nbxd4 Nxd4 10. Nxd4 a6 11. c3 Qc7 12. Qe2 Bd6 13. h3 O-O 14. Rd1 e5
15. Nf3 b5 16. Bd3 Bb7 17. Bc2 Rae8 18. Bg5 e4 19. Nd2 Nd5 20. Bxe4 Nxc3 21.
Bxh7+ Kxh7 22. Qh5+ Kg8 23. bxc3 Qxc3 24. Nf3 Bxf3 25. Qxf3 Qxf3 26. gxf3 Be5
27. Rac1 Rc8 28. Rxc8 Rxc8 29. Rd8+ Rxd8 30. Bxd8 f5 31. Kf1 Kf7 32. Ke2 Ke6
33. Kd3 Kd5 34. Bg5 a5 35. Bd8 a4 36. Be7 Bd4 37. Bh4 g6 38. f4 b4 39. Be7 Bc5
40. Bh4 b3 41. axb3 axb3 42. f3 Bd4 43. Be7 b2 44. Kc2 Kc4 45. Bd6 b1=R 46.
Kxb1 Kd3 47. Ka2 Ke2 48. Kb3 Kxf3 49. Kc4 Be3 50. Kd5 Bxf4 51. Be7 g5 52. Ke6
Ke4 53. Kf7 Be3 54. Kg6 f4 55. Bxg5 f3 56. Bh4 Kd3 57. Kf5 Bc5 58. Bg3 Bb6 59.
Bh4 Ke2 60. Ke4 Bd8 61. Bg3 Bc7 62. Bh4 Bd6 63. Be1 Bc5 64. h4 Bf2 65. Bxf2
Kxf2 66. h5 Ke2 67. h6 f2 68. h7 f1=Q 69. h8=Q Qf3+ 70. Kd4 Qd3+ 71. Kc5 Qa3+
72. Kb6 Qb4+ 73. Ka6 Qc4+ 74. Kb6 Qe6+ 75. Kb7 1/2-1/2

[Event "BCF-ch 92nd"]
[Site "Douglas IOM"]
[Date "2005.08.02"]
[Round "2.9"]
[White "Sowray, Peter"]
[Black "Rayner, Francis"]
[Result "1-0"]
[WhiteElo "2364"]
[BlackElo "2216"]
[PlyCount "117"]
[EventDate "2005.08.01"]

1. Nf3 Nf6 2. c4 g6 3. Nc3 Bg7 4. g3 O-O 5. Bg2 d6 6. O-O c5 7. d4 Nc6 8. dxc5
dxc5 9. Bf4 Be6 10. Qa4 Qa5 11. Nd2 Qxa4 12. Nxa4 Nd7 13. Bxc6 bxc6 14. Rfd1
Rfd8 15. Bc7 Rdc8 16. Ba5 Rab8 17. Rab1 Bf5 18. e4 Bg4 19. f3 Bh3 20. Kf2 Bd4+
21. Ke2 Nb6 22. Nc3 e5 23. b3 Be6 24. Rdc1 Rd8 25. Nd1 Rd7 26. Nf2 Kg7 27. Nd3
Rdb7 28. Bc3 Nd7 29. Rc2 f6 30. Rd1 Kf7 31. Rcc1 Ke7 32. Ba5 h5 33. Nb1 g5 34.
Nc3 Rg8 35. Na4 Rbb8 36. Bd2 f5 37. exf5 Bxf5 38. Be3 e4 39. Ne1 exf3+ 40. Nxf3
Bg4 41. Bxd4 cxd4 42. h3 Bxf3+ 43. Kxf3 c5 44. Re1+ Kd6 45. Rcd1 Rbe8 46. Nc3
g4+ 47. Kg2 Rxe1 48. Nb5+ Ke6 49. Rxe1+ Ne5 50. Nxa7 Ra8 51. Nc6 Rxa2+ 52. Kf1
d3 53. Rxe5+ Kd6 54. hxg4 hxg4 55. b4 cxb4 56. Nxb4 Kxe5 57. Nxa2 Kd4 58. Kf2
Kxc4 59. Ke3 1-0

[Event "BCF-ch 92nd"]
[Site "Douglas IOM"]
[Date "2005.08.02"]
[Round "2.11"]
[White "Emms, John"]
[Black "Nixon, Thomas"]
[Result "1/2-1/2"]
[WhiteElo "2509"]
[BlackElo "2195"]
[PlyCount "66"]
[EventDate "2005.08.01"]

1. e4 e5 2. Nf3 Nc6 3. Bb5 a6 4. Ba4 Nf6 5. O-O Be7 6. Re1 b5 7. Bb3 d6 8. c3
O-O 9. d3 Na5 10. Bc2 c5 11. Nbd2 Re8 12. Nf1 g6 13. a3 Nc6 14. Bb3 Bd7 15. Ng5
Rf8 16. Ng3 Ne8 17. Nf3 Ng7 18. h3 Be6 19. Bh6 c4 20. Ba2 f6 21. b4 cxb3 22.
Bxb3 Qd7 23. a4 Rfd8 24. axb5 axb5 25. Rxa8 Rxa8 26. Qb1 Na5 27. Bxe6+ Nxe6 28.
Qa2 Kh8 29. Ra1 Bd8 30. Rb1 Rb8 31. Nf1 Nc5 32. Qe2 d5 33. N1d2 Na4 1/2-1/2

[Event "BCF-ch 92nd"]
[Site "Douglas IOM"]
[Date "2005.08.02"]
[Round "2.15"]
[White "Storey, Charles"]
[Black "Pym, Thomas"]
[Result "0-1"]
[WhiteElo "2211"]
[BlackElo "2099"]
[PlyCount "48"]
[EventDate "2005.08.01"]

1. e4 c5 2. Nf3 d6 3. d4 cxd4 4. Nxd4 Nf6 5. Nc3 g6 6. Be3 Bg7 7. f3 O-O 8. Qd2
Nc6 9. Bc4 Bd7 10. O-O-O Rb8 11. Nd5 Ne5 12. Be2 b5 13. h4 Nxd5 14. exd5 Nc4
15. Bxc4 bxc4 16. a3 Qb6 17. c3 Bxd4 18. Bxd4 Qb3 19. Kb1 Qxa3 20. g4 Rb5 21.
Rde1 Rfb8 22. b4 Rxb4+ 23. cxb4 Rxb4+ 24. Qb2 c3 0-1

[Event "BCF-ch 92nd"]
[Site "Douglas IOM"]
[Date "2005.08.02"]
[Round "2.16"]
[White "White, Michael JR"]
[Black "Varnam, Liam"]
[Result "1/2-1/2"]
[WhiteElo "2200"]
[BlackElo "2088"]
[PlyCount "106"]
[EventDate "2005.08.01"]

1. e4 e5 2. Nf3 Nc6 3. Bc4 Nf6 4. d3 Be7 5. O-O O-O 6. Re1 d6 7. a4 Na5 8. Ba2
c5 9. Bg5 a6 10. Nc3 Rb8 11. Bxf6 Bxf6 12. Nd5 Be6 13. c3 Nc6 14. Nd2 Bxd5 15.
Bxd5 Ne7 16. Ba2 b5 17. axb5 axb5 18. Qc2 g6 19. Nf1 Bg7 20. Ne3 Kh8 21. Nd5 f5
22. Nxe7 Qxe7 23. Bd5 f4 24. f3 g5 25. h3 h5 26. b4 g4 27. hxg4 hxg4 28. Kf2
g3+ 29. Ke2 Kh7 30. Ra6 cxb4 31. cxb4 Rbc8 32. Rc6 Rxc6 33. Rh1+ Kg6 34. Qxc6
Rd8 35. Qb7 Qxb7 36. Bxb7 Rb8 37. Bd5 Rb6 38. Ra1 Kf6 39. Ra8 Ke7 40. Ra7+ Kf6
41. Kd2 Rb8 42. Kc3 Rh8 43. Ra1 Rh2 44. Rg1 Kg5 45. Bc6 Bf6 46. d4 Bd8 47. dxe5
dxe5 48. Rd1 Bb6 49. Rd6 Rxg2 50. Be8 Bd4+ 51. Kd3 Rf2 52. Rg6+ Kh4 53. Rh6+
Kg5 1/2-1/2

[Event "BCF-ch 92nd"]
[Site "Douglas IOM"]
[Date "2005.08.02"]
[Round "2.17"]
[White "Dignam, Matthew P"]
[Black "Poobalasingam, Peter"]
[Result "1/2-1/2"]
[WhiteElo "2194"]
[BlackElo "2067"]
[PlyCount "103"]
[EventDate "2005.08.01"]

1. e4 e6 2. d4 d5 3. Nd2 Nf6 4. e5 Nfd7 5. Ngf3 c5 6. c3 Nc6 7. Bd3 Qb6 8. O-O
cxd4 9. cxd4 Nxd4 10. Nxd4 Qxd4 11. Nf3 Qb6 12. Qc2 h6 13. Bd2 Bb4 14. Be3 Bc5
15. Bf4 O-O 16. Qd2 Bb4 17. Qc1 Qc6 18. Qd1 Rd8 19. a3 Be7 20. Rc1 Qb6 21. b4
Re8 22. Rc3 a5 23. b5 Nf8 24. Qc1 d4 25. Rc4 Bd7 26. Rxd4 Bxb5 27. Qb1 Bc5 28.
Bxb5 Bxd4 29. Nxd4 Qxd4 30. Be3 Qxe5 31. Bxe8 Rxe8 32. Qxb7 Rb8 33. Qa7 Rb3 34.
Bc5 Nd7 35. Qxd7 Qxc5 36. a4 Qf5 37. h3 Rb2 38. Qd4 Rb4 39. Qd7 Rf4 40. Qe8+
Kh7 41. Qd7 Qe4 42. Ra1 Qc2 43. Qa7 f6 44. Qxa5 Qxf2+ 45. Kh1 Qd4 46. Qe1 Re4
47. Qb1 Qb4 48. Qc2 f5 49. Kh2 Qa5 50. Qa2 Qe5+ 51. Kh1 Qa5 52. Kh2 1/2-1/2